• 首页
  • 本馆介绍
  • 公告通知
  • 最新文献
  • 馆藏检索
  • 电子资源
  • 读者导购
  • 参考咨询
  • 我的图书馆
  • 登录
  • 详细信息显示
  • 放入我的书架
  • 预约/预借图书
  • 作者相关作品
  • 分类相关作品
  • 丛书相关作品
  • 出版社相关作品

书目信息

  • 表格格式
  • 工作单格式
  • 卡片格式
题名:
伟大的业绩 光辉的思想
    
 
作者: ;中央人民广播电台理论部 编
分册:  
出版信息: 北京   红旗出版社  1985
页数: 99页
开本: 19cm
丛书名:
单 册:
中图分类: D64-53
科图分类:
主题词: 思想政治教育--中国--文集
电子资源:
ISBN:
000 00848nam0 2200241 45
001 0185000421
005 20050620144132.0
010    @dCNY0.56
091    @a160.047
100    @a19900823d1985 em y0chiy0121 ea
101 0  @achi
102    @aCN@b110000
105    @ay z 000yy
200 10 @a伟大的业绩 光辉的思想@Awei da de ye ji guang hui de si xiang@e学习《周恩来选集》下卷@EXue Xi《Zhou En Lai Xuan Ji》Xia Juan@f中央人民广播电台理论部编@FZhong Yang Ren Min Guang Bo Dian Tai Li Lun Bu Bian
210    @a北京@c红旗出版社@d1985
215    @a99页@d19cm
517    @a学习《周恩来选集》下卷@AXue Xi《Zhou En Lai Xuan Ji》Xia Juan
606 0  @a思想政治教育@x中国@x文集
690    @aD64-53@v3
711 02 @a中央人民广播电台理论部@4编
801  0 @aCN@b深圳图书馆@c20040423
801  2 @aCN@bNLC@c20040423
905    @dD64-53@e47:2@f1@b171599
    
    伟大的业绩 光辉的思想:学习《周恩来选集》下卷/中央人民广播电台理论部编.-北京:红旗出版社,1985
    99页;19cm
    
    
    ISBN :CNY0.56
    
●
相关链接 在E读中查询图书 在五车中查询图书 在当当中查询图书 在豆瓣中查询图书


正题名:伟大的业绩 光辉的思想     索取号:D64-53/47:2         预约/预借

序号 登录号 条形码 馆藏地/架位号 状态 备注
1 0171597   000374473   密集书库/ [索取号:D64-53/47:2] 在馆    
2 0171598   000374464   密集书库/ [索取号:D64-53/47:2] 在馆    
3 0171599   000374482   第一样本阅览室/ [索取号:D64-53/47:2] 在馆    
唐山师范学院图书馆 欢迎您!
大连网信软件有限公司© 版权所有